000 00881nam a2200301Ia 4500
001 Para_10501
003 CHAP
008 220125s9999 xx 000 0 und d
010 _a204431
020 _a978 - 84 - 8476 - 399 - 4
040 _cCHAP
082 _aPA 584.5 C35
100 _aCañizo Perate, José Antonio del
_918687
245 _aPalmeras Todos los géneros y 565 especies /
_c José Antonio del Cañizo
250 _a3 ed. ampliada y corregida
260 _aEspaña :
_b Mundipresa
300 _a1153 p.
500 _aIncluye referencias bibliográficas e índice
650 _aMonocotiledóneas
_977542
650 _aPalmeras
_x Plagas y enfermedades
_9170362
901 _aPA 584.5 C35
902 _aA
905 _a523220 2011 sp a 8000000300spa06
910 _a
942 _cPARA
942 _cPARA
_d1
999 _c204431
_d204431